000 01399nam a2200253Ia 4500
999 _c37487
_d37487
001 3449
003 GE_BSU
005 20190614150701.0
008 181216s2009||||ge |||||||||||||| ||geo||
020 _a9789941101427
040 _cGE_BSU
041 _ageo
080 _a577.1:622.952
100 _aძნელაძე, ზურაბ
_92497
245 _aჩაის ახალი პროდუქტების ბიოქიმია-ტექნოლოგია /
_cზურაბ ძნელაძე ; რედ. ნელი ელიზბარაშვილი ; საქ. მეცნ. და განათლ. სამინ., ჩაის, სუბტროპ. კულტურებისა და ჩაის მრეწვ. ინ-ტი.
264 _aთბილისი :
_bმერიდიანი,
_c2009.
300 _a166 გვ.:
_bილ., ცხრ. ;
_c20 სმ.
653 _aმეჩაიეობა
653 _aჩაის ტექნოლოგია
700 _aელიზბარაშვილი, ნელი
_eრედაქტორი
_92498
710 _aსაქ. მეცნ. და განათლ. სამინისტრო
_92499
710 _aჩაის, სუბტროპ. კულტურებისა და ჩაის მრეწვ. ინ-ტი
_92500
942 _cBK
_2udc